Estatísticas para Uzbequistão

Clique aqui para jogar o quiz

Estatísticas Gerais

  • Esse quiz foi jogado 13 vezes
  • A pontuação média é 10 de 12

Estatísticas das Respostas

HintResposta% Correto
Onde fica?Ásia
100%
Com que país faz a Norte?Cazaquistão
100%
Com que país faz fronteira a Nordeste?Quirguistão
90%
Com que país faz fronteira a Sudeste?Tajiquistão
90%
Com que país faz fronteira a Sudoeste?Turquemenistão
90%
Qual é o seu código ISO?UZB
90%
Com que país faz fronteira a Sul?Afeganistão
80%
Qual é a sua religião?Islamismo
80%
De que país é independente?União Soviética
80%
Qual é a sua moeda?Som uzbeque
70%
Qual é o seu idioma?Uzbeque
70%
Qual é a sua capital?Tasquente
50%

Distribuição das Pontuações

Percentil de Números Respondidos

Porcentagem de Pessoas com Cada Pontuação

Sua Pontuação Histórica

Você não jogou esse quiz